NFL Week 9 Fantasy Leaders 2025-2026 - Statistics

General Stats
  • This quiz has been taken 169 times
  • The average score is 11 of 20
Answer Stats
Position Points Player % Correct
TE 43.3 Brock Bowers
92%
QB 28.8 Josh Allen
82%
QB 38.7 Caleb Williams
77%
QB 25.6 Lamar Jackson
72%
QB 27.3 Geno Smith
67%
RB 34.3 Christian McCaffrey
61%
QB 32.7 Joe Flacco
57%
QB 26.8 Matthew Stafford
55%
WR 33.1 Tee Higgins
55%
WR 22.8 Puka Nacua
54%
QB 28.7 Justin Herbert
52%
WR 38.8 Drake London
50%
QB 27.2 Jaxson Dart
50%
QB 28.2 Sam Darnold
46%
TE 29.8 Colston Loveland
45%
WR 23 Davante Adams
43%
WR 23 DJ Moore
40%
RB 28.1 Rico Dowdle
40%
QB 24.8 Jacoby Brissett
31%
RB 22.8 Kyle Monangai
26%
No matching quizzes found
Score Distribution
Percent of People with Each Score
Percentile by Number Answered
Your Score History
You have not taken this quiz